| 000 | 01639cad a2200313aa 4500 | ||
|---|---|---|---|
| 001 | L158232 | ||
| 005 | 20260217120302.0 | ||
| 008 | 090813s2014 xxk f 000 0 eng d | ||
| 020 | _a9781783210756 | ||
| 035 | _a(Sirsi) u158232 | ||
| 041 | 0 | _aeng | |
| 050 | 0 | 4 | _a658.408 $2 18 |
| 110 | 2 |
_aRoyal Institution of Chartered Surveyors _94900 |
|
| 245 | 0 | 0 |
_aStakeholder engagement _h[archived] |
| 250 | _a1st ed. | ||
| 260 |
_aLondon _bRICS _c2014 |
||
| 350 | _a20 | ||
| 490 | 0 | _aRICS Guidance Note | |
| 500 | _aArchived September 2024. No direct replacement, an alternative could be https://www.rics.org/profession-standards/rics-standards-and-guidance/conduct-competence/client-relationships-and-handling-data | ||
| 520 | _aOutlines the principles of effective stakeholder engagement, providing readers with practical guidance through a series of 'real world' case examples and advice from experienced practitioners. Jointly commissioned with the Association for Project Management, the guidance introduces the topic, discusses emerging stakeholder terminology, outlines stakeholder management capabilities, provides the results of a specially commissioned survey, and gives an overview of related RICS and APM resources. | ||
| 521 | _aAdvanced | ||
| 590 | _aKA | ||
| 650 | 2 | 4 | _aSOCIAL RESPONSIBILITY |
| 650 | 2 | 4 | _aCOMMUNICATION MANAGEMENT |
| 651 | 4 |
_aEngland and Wales _y1543- |
|
| 690 |
_aProject management _96261 |
||
| 856 | 4 | 8 |
_uhttps://www.isurv.com/downloads/file/6337/archive_stakeholder_engagement_1st_edition_september_2014%E2%80%93september_2024 _zArchived on isurv (subscription required) |
| 942 |
_n0 _2ddc |
||
| 999 |
_c115213 _d115213 |
||